Refrigeration and air conditioneing (Record no. 20920)

000 -LEADER
fixed length control field 00534nam a22001937a 4500
001 - CONTROL NUMBER
control field 20920
003 - CONTROL NUMBER IDENTIFIER
control field BD-DhUET
008 - FIXED-LENGTH DATA ELEMENTS--GENERAL INFORMATION
fixed length control field 150413b xxu||||| |||| 00| 0 eng d
020 ## - INTERNATIONAL STANDARD BOOK NUMBER
International Standard Book Number 007463010
040 ## - CATALOGING SOURCE
Original cataloging agency DLC
Transcribing agency DLC
Modifying agency BD-DhUET
082 ## - DEWEY DECIMAL CLASSIFICATION NUMBER
Classification number 621.56
Item number ARO/1981
100 ## - MAIN ENTRY--PERSONAL NAME
Personal name Arora, C. P.
245 ## - TITLE STATEMENT
Title Refrigeration and air conditioneing
250 ## - EDITION STATEMENT
Edition statement 1st ed.
260 ## - PUBLICATION, DISTRIBUTION, ETC. (IMPRINT)
Place of publication, distribution, etc. New Delhi
Name of publisher, distributor, etc. Tata Mc Graw Hill publishing
Date of publication, distribution, etc. 1981
300 ## - PHYSICAL DESCRIPTION
Extent xxiii, 987p.
Other physical details ill.
650 #0 - SUBJECT ADDED ENTRY--TOPICAL TERM
Topical term or geographic name as entry element Refrigeration and refrigerating machinary condition
942 ## - ADDED ENTRY ELEMENTS (KOHA)
Koha item type General Book
Holdings
Koha item type Withdrawn status Date acquired Koha normalized classification for sorting Shelving location Piece designation (barcode) Koha date last seen Source of classification or shelving scheme Location (home branch) Price effective from Copy number Sublocation or collection (holding branch) Lost status Koha full call number Not for loan Damaged status
General Book 2015-04-13621_560000000000000_ARO_1981Circulation section787032016-03-06 Central Library, BUET2015-04-131Central Library, BUET 621.56/ARO/1981  
Reading Item 2015-06-16621_560000000000000_ARO_1981Reading section875122015-06-16 Central Library, BUET2015-06-162Central Library, BUET 621.56/ARO/1981  
Reading Item 2015-06-16621_560000000000000_ARO_1981Reading section529252015-06-16 Central Library, BUET2015-06-163Central Library, BUET 621.56/ARO/1981